000 00633nam a2200193 u 4500
001 000029560
005 20200930055634.0
008 090708s1993 dr r 000 0 spa d
040 _aDO-SdBNP
_bspa
_cBNPHU
082 _a346.074
_bG216s
100 1 _aGarcía de Peña, L. V.
_910442
245 1 0 _aManual de derecho judicial privado /
_cL. V. García de Peña.
260 _aSanto Domingo :
_bUniversidad Iberoamericana,
_c1993.
300 _a63 p ;
_c22 cm.
490 1 _aTextos universitarios
_v2
650 4 _aEmbargo ejecución (derecho civil)
_xDeudor y acredor
_910444
830 0 _aTextos universitarios
_91147
049 _aBNPD
999 _c29052
_d29052